| 000 | 00488cam a2200205ua 4500 | ||
|---|---|---|---|
| 001 | 1454 | ||
| 005 | 20260515113333.0 | ||
| 008 | 110712n ii |||gr||||Z||||||eng | ||
| 020 | _a0333-926-471 | ||
| 040 | _cMAIN | ||
| 082 | _a301 | ||
| 100 |
_aVerghese, K. E., _eAuthor. |
||
| 245 | 1 |
_aGeneral Sociology _cby K. E. Verghese |
|
| 250 | _a1st. | ||
| 260 |
_aNew Delhi: _bMacmillan,992. |
||
| 300 |
_a451p: _c23cm. |
||
| 653 | _aSociology | ||
| 653 | _aGeneral Sociology | ||
| 942 | _cBK | ||
| 999 |
_c1343 _d1343 |
||